[Event "ICS rated blitz match"]
[Site "204.178.125.65"]
[Date "2000.02.12"]
[Round "?"]
[White "petur3"]
[Black "Hossa"]
[Result "1/2-1/2"]
[WhiteElo "2088"]
[BlackElo "2362"]
[PlyCount "100"]

1. d4 d5 2. c4 e6 3. Nc3 Nf6 4. cxd5 exd5 5. Bg5 c6 6. e3 Be7 7. Bd3 h6 8. Bh4
Qb6 9. Qc2 Na6 10. a3 Be6 11. Nge2 O-O 12. O-O Nb8 13. Nf4 Nbd7 14. Nxe6 fxe6
15. Rab1 e5 16. dxe5 Nxe5 17. Be2 Rae8 18. b4 Rf7 19. Qb3 Ref8 20. a4 Qd8 21.
b5 Ne4 22. Bxe7 Qxe7 23. Nxe4 dxe4 24. bxc6 bxc6 25. Bc4 Nxc4 26. Qxc4 c5 27.
Rb5 Rc8 28. Rc1 Qf6 29. Rc2 Qd6 30. Rb1 Qe5 31. Rd2 Qe7 32. h3 Kh8 33. Rbd1 Qe8
34. Rd5 Rfc7 35. a5 Qe7 36. a6 Rf8 37. Rc1 Qf6 38. Rc2 Re8 39. Rxc5 Rxc5 40.
Qxc5 Qxa6 41. Qc6 Qxc6 42. Rxc6 Re7 43. Kf1 Kh7 44. Ke2 Rb7 45. Ra6 Rb2+ 46.
Ke1 Rb1+ 47. Ke2 Rb2+ 48. Ke1 Rb1+ 49. Ke2 Rb2+ 50. Ke1 Rb1+ 1/2-1/2

[Event "ICS rated blitz match"]
[Site "204.178.125.65"]
[Date "2000.02.12"]
[Round "?"]
[White "Hossa"]
[Black "petur3"]
[Result "1-0"]
[WhiteElo "2351"]
[BlackElo "2099"]
[PlyCount "33"]

1. e4 c5 2. Nc3 e6 3. Nf3 Nc6 4. d4 cxd4 5. Nxd4 Nf6 6. Nxc6 dxc6 7. Qxd8+ Kxd8
8. Bd2 Bb4 9. O-O-O Ke7 10. Bd3 e5 11. Rhf1 Bg4 12. f3 Bh5 13. g4 Bg6 14. g5
Nd7 15. Nd5+ cxd5 16. Bxb4+ Ke8 17. exd5 1-0

[Event "ICS rated blitz match"]
[Site "204.178.125.65"]
[Date "2000.02.12"]
[Round "?"]
[White "petur3"]
[Black "Hossa"]
[Result "1-0"]
[WhiteElo "2093"]
[BlackElo "2357"]
[PlyCount "111"]

1. d4 d5 2. c4 e6 3. Nc3 Nf6 4. cxd5 Nxd5 5. e4 Nxc3 6. bxc3 c5 7. Nf3 cxd4 8.
cxd4 Nc6 9. Be2 Qa5+ 10. Bd2 Bb4 11. Bxb4 Qxb4+ 12. Qd2 Qxd2+ 13. Kxd2 O-O 14.
Rhd1 Rd8 15. Ke3 Rd6 16. Rac1 Rb8 17. Bb5 Nb4 18. a3 Na6 19. Ne5 f6 20. Nc4 Rd8
21. Na5 Bd7 22. Bxa6 bxa6 23. Nc6 Rb3+ 24. Rd3 Rxd3+ 25. Kxd3 Ra8 26. d5 Kf8
27. f4 Rc8 28. Kd4 Be8 29. Rc5 exd5 30. exd5 Bxc6 31. Rxc6 Rxc6 32. dxc6 Ke7
33. Kd5 a5 34. a4 g5 35. f5 g4 36. h4 g3 37. h5 h6 38. Kc5 Kd8 39. Kd6 Kc8 40.
Ke6 Kc7 41. Kxf6 Kxc6 42. Ke7 Kc5 43. f6 Kb4 44. f7 Kxa4 45. f8=Q Kb5 46. Qxh6
a4 47. Qg5+ Kc4 48. h6 a3 49. h7 a2 50. h8=Q a1=Q 51. Qxa1 a5 52. Qa4+ Kd3 53.
Qxg3+ Kd2 54. Qa2+ Kd1 55. Qd3+ Ke1 56. Qae2# 1-0

[Event "ICS rated blitz match"]
[Site "204.178.125.65"]
[Date "2000.02.12"]
[Round "?"]
[White "Hossa"]
[Black "JenMan"]
[Result "0-1"]
[WhiteElo "2331"]
[BlackElo "2062"]
[PlyCount "166"]

1. e4 c5 2. c3 d5 3. exd5 Qxd5 4. d4 cxd4 5. Nf3 Nc6 6. cxd4 e6 7. Nc3 Qd6 8.
Bc4 Nf6 9. O-O Be7 10. Be3 O-O 11. Rc1 b6 12. Re1 Bb7 13. a3 Rac8 14. Bd3 Rfd8
15. Qc2 g6 16. Re2 Nd5 17. Nxd5 Qxd5 18. Bc4 Qd6 19. Qa4 a6 20. Qd1 b5 21. Bd3
Bf6 22. Be4 Ba8 23. Rec2 Bb7 24. Rc3 Qd7 25. Qc2 Ne7 26. Bxb7 Qxb7 27. Rc7 Rxc7
28. Qxc7 Qxc7 29. Rxc7 Nf5 30. Kf1 Nxd4 31. Bxd4 Bxd4 32. b4 Bb2 33. Ng5 Rf8
34. Ra7 h6 35. Ne4 Bxa3 36. Rxa6 Bxb4 37. Rb6 f5 38. Ng3 Kf7 39. Rxb5 Bc3 40.
Ne2 Rc8 41. f4 Kf6 42. Rb3 Ba5 43. Rh3 h5 44. Ra3 Bb6 45. Ra6 Be3 46. Ra3 Bc5
47. Rc3 Rc7 48. Nc1 Bb6 49. Rxc7 Bxc7 50. Ne2 g5 51. fxg5+ Kxg5 52. g3 e5 53.
Nc3 e4 54. Nd5 Be5 55. h4+ Kg4 56. Ne3+ Kf3 57. Nxf5 Bxg3 58. Nd4+ Kg4 59. Ke2
Bxh4 60. Ke3 Bg5+ 61. Kxe4 h4 62. Nf3 h3 63. Ne5+ Kg3 64. Nc6 h2 65. Ke5 h1=Q
66. Kd6 Bf4+ 67. Kc5 Qc1+ 68. Kb5 Qb2+ 69. Kc4 Qc2+ 70. Kb5 Qb3+ 71. Kc5 Qc3+
72. Kb6 Be3+ 73. Kb7 Qc5 74. Nb8 Qb6+ 75. Kc8 Bf4 76. Kd7 Qxb8 77. Ke7 Qe5+ 78.
Kf7 Qd6 79. Kg7 Qe6 80. Kh8 Qe7 81. Kg8 Be3 82. Kh8 Bd4+ 83. Kg8 Qg7# 0-1

[Event "ICS rated blitz match"]
[Site "204.178.125.65"]
[Date "2000.02.12"]
[Round "?"]
[White "Hossa"]
[Black "Amateur"]
[Result "0-1"]
[WhiteElo "2305"]
[BlackElo "2442"]
[PlyCount "166"]

1. e4 c6 2. c4 d5 3. exd5 cxd5 4. d4 Nf6 5. Nf3 Nc6 6. cxd5 Nxd5 7. Qb3 e6 8.
Bb5 Be7 9. Qc4 Bd7 10. O-O a6 11. Bxc6 Bxc6 12. Re1 O-O 13. Ne5 Bb5 14. Qb3 f6
15. Nf3 Qc7 16. Bd2 Bc4 17. Qc2 Rac8 18. Rxe6 Nb4 19. Qe4 Bd6 20. Bxb4 Bxb4 21.
d5 Qc5 22. Qe3 Bxd5 23. Nc3 Bxc3 24. bxc3 Bxe6 25. Qxe6+ Kh8 26. Rb1 Qxc3 27.
h4 Rfe8 28. Qf7 b5 29. Rd1 Re2 30. Qd7 h6 31. a3 Qc5 32. Nd4 Ra2 33. Qf7 Qc4
34. Qe7 Qa4 35. Rd3 Ra1+ 36. Kh2 Rac1 37. Rg3 R1c7 38. Qd6 a5 39. Ne6 Rc6 40.
Qd7 Qxh4+ 41. Rh3 Qg4 42. Rg3 Qh5+ 43. Rh3 Qe5+ 44. Rg3 f5 45. Nd8 Qf6 46. Nxc6
Rxc6 47. Qd2 a4 48. Qe2 Rc5 49. Qd2 Rc4 50. Rd3 Rh4+ 51. Kg1 Qa1+ 52. Qd1 Qxd1+
53. Rxd1 b4 54. g3 Rc4 55. axb4 Rxb4 56. Rd8+ Kh7 57. Ra8 f4 58. Kg2 Kg6 59.
Ra6+ Kh5 60. Kf3 fxg3 61. fxg3 Rb3+ 62. Kg2 a3 63. Kf2 g5 64. Ra4 g4 65. Ra8
Rc3 66. Kg2 Rc2+ 67. Kh1 a2 68. Ra5+ Kg6 69. Ra6+ Kf5 70. Ra5+ Ke4 71. Ra4+ Kd3
72. Ra3+ Kd2 73. Kg2 Kc1+ 74. Kf1 Kb2 75. Ra5 a1=Q+ 76. Rxa1 Kxa1 77. Kg1 Kb2
78. Kf1 Kc3 79. Ke1 Kd3 80. Kf1 Ke3 81. Kg1 Kf3 82. Kh1 Kxg3 83. Kg1 Rc1# 0-1

[Event "ICS rated blitz match"]
[Site "204.178.125.65"]
[Date "2000.02.12"]
[Round "?"]
[White "Amateur"]
[Black "Hossa"]
[Result "1-0"]
[WhiteElo "2452"]
[BlackElo "2295"]
[PlyCount "57"]

1. e4 e5 2. Nf3 Nc6 3. Bb5 Nf6 4. O-O Bc5 5. Nxe5 Nxe4 6. Qe2 Nxe5 7. d4 f5 8.
dxc5 Qe7 9. f3 a6 10. fxe4 Qxc5+ 11. Be3 Qxb5 12. Qxb5 axb5 13. Nc3 Nc4 14. Bd4
c6 15. exf5 O-O 16. f6 gxf6 17. Ne4 Kg7 18. Nxf6 Kg6 19. Rf3 d6 20. Rg3+ Kh6
21. Rf1 Rxf6 22. Rxf6+ Kh5 23. Rg7 h6 24. Rgg6 Ra3 25. bxa3 Kh4 26. Bf2+ Kh5
27. Rxh6+ Kg5 28. Bh4+ Kg4 29. h3# 1-0

[Event "ICS rated blitz match"]
[Site "204.178.125.65"]
[Date "2000.02.12"]
[Round "?"]
[White "Hossa"]
[Black "Mihajlov"]
[Result "1-0"]
[WhiteElo "2286"]
[BlackElo "2196"]
[PlyCount "39"]

1. e4 c5 2. c3 d6 3. d4 Nf6 4. Bd3 Nbd7 5. Nf3 e5 6. O-O Be7 7. Be3 O-O 8. Nbd2
Qc7 9. Qc2 Re8 10. Rac1 Bf8 11. Ng5 g6 12. b4 b6 13. Qb3 Re7 14. Bc4 Nb8 15.
bxc5 bxc5 16. dxc5 dxc5 17. Bd5 Nxd5 18. exd5 Bb7 19. Nge4 Re8 20. Nf6+ 1-0

[Event "ICS rated blitz match"]
[Site "204.178.125.65"]
[Date "2000.02.12"]
[Round "?"]
[White "Mihajlov"]
[Black "Hossa"]
[Result "0-1"]
[WhiteElo "2184"]
[BlackElo "2298"]
[PlyCount "90"]

1. d4 d5 2. c4 e6 3. Nc3 Nf6 4. Nf3 Bb4 5. cxd5 exd5 6. g3 O-O 7. Bg2 c5 8. O-O
cxd4 9. Nxd4 Bxc3 10. bxc3 Re8 11. Rb1 Ne4 12. Qc2 Qc7 13. Nb5 Qc4 14. Rb4 Qc6
15. Bf4 Na6 16. Rbb1 Qg6 17. c4 Nxg3 18. Qxg6 Nxe2+ 19. Kh1 hxg6 20. Be3 dxc4
21. Bf3 Bf5 22. Bxe2 Bxb1 23. Rxb1 b6 24. Bxc4 Red8 25. Nd4 Nb8 26. Nb5 Na6 27.
a4 Nc5 28. a5 Na4 29. a6 Rd7 30. Rg1 Kh7 31. Rg4 Nb2 32. Rh4+ Kg8 33. Bb3 Nd3
34. Kg2 Nc5 35. Bc4 Nxa6 36. Nd4 Nc7 37. Nf3 Nd5 38. Bd4 Rad8 39. Ne5 Rc7 40.
Bb3 g5 41. Rg4 Nf4+ 42. Rxf4 gxf4 43. Bb2 Rd2 44. Bc3 Rxc3 45. Bxf7+ Kf8 0-1

[Event "ICS rated blitz match"]
[Site "204.178.125.65"]
[Date "2000.02.12"]
[Round "?"]
[White "Hossa"]
[Black "Mihajlov"]
[Result "1-0"]
[WhiteElo "2309"]
[BlackElo "2173"]
[PlyCount "59"]

1. e4 c5 2. c3 d6 3. d4 Nf6 4. Bd3 Nc6 5. Nf3 e5 6. d5 Ne7 7. O-O g6 8. b4 b6
9. bxc5 bxc5 10. Nbd2 Bg7 11. Rb1 O-O 12. Qb3 Nd7 13. Bb5 Nb6 14. Nc4 Nxc4 15.
Qxc4 f5 16. Bc6 Nxc6 17. dxc6+ Kh8 18. exf5 gxf5 19. Qh4 Qc7 20. Ng5 Bf6 21.
Qh6 Ba6 22. Ne6 Qf7 23. Rb7 Bxb7 24. cxb7 Qxe6 25. bxa8=R Rxa8 26. Bg5 Kg8 27.
Bxf6 Qf7 28. Qg5+ Qg6 29. Qd2 Qxf6 30. Qd5+ 1-0

[Event "ICS rated blitz match"]
[Site "204.178.125.65"]
[Date "2000.02.12"]
[Round "?"]
[White "Amateur"]
[Black "Hossa"]
[Result "0-1"]
[WhiteElo "2461"]
[BlackElo "2319"]
[PlyCount "120"]

1. e4 e5 2. Bc4 Nc6 3. Nf3 Nf6 4. Ng5 d5 5. exd5 Nxd5 6. Qh5 g6 7. Qf3 Qxg5 8.
Bxd5 Nd8 9. Nc3 Bg7 10. Nb5 Qe7 11. Qa3 c6 12. Qxe7+ Kxe7 13. Nc7 Rb8 14. Bb3
Kd6 15. d4 Kxc7 16. Be3 Be6 17. O-O Ra8 18. dxe5 Bxe5 19. c3 Bxb3 20. axb3 a5
21. b4 a4 22. f4 Bd6 23. Rad1 Re8 24. Rd3 f5 25. Bd2 Re4 26. Rh3 h5 27. Rg3 Re2
28. Bc1 Re6 29. Rgf3 c5 30. b5 Nf7 31. c4 Re4 32. Rg3 Rg8 33. Rc3 Bf8 34. Bd2
Nd6 35. Rfc1 Bg7 36. R3c2 Kb6 37. g3 Bd4+ 38. Kh1 Bxb2 39. Rxb2 Nxc4 40. Ra2
Kxb5 41. Bc3 a3 42. Re1 Rxe1+ 43. Bxe1 Rd8 44. Ra1 Ra8 45. Rb1+ Kc6 46. Bc3 Re8
47. Rc1 b5 48. Kg2 Re2+ 49. Kg1 a2 50. Bf6 Nd2 51. Rd1 b4 52. Ra1 b3 53. h3 b2
54. Bxb2 Nf3+ 55. Kf1 Rxb2 56. Rxa2 Rxa2 57. h4 Kd5 58. g4 hxg4 59. h5 g3 60.
h6 g2# 0-1

[Event "ICS Rated blitz match"]
[Site "204.178.125.65"]
[Date "2000.02.12"]
[Round "?"]
[White "GKJunior"]
[Black "Hossa"]
[Result "1-0"]
[WhiteElo "2433"]
[BlackElo "2341"]
[PlyCount "207"]

1. e4 e5 2. Nf3 Nc6 3. d4 exd4 4. Nxd4 Nf6 5. Nxc6 bxc6 6. e5 Qe7 7. Qe2 Nd5 8.
Bd2 Rb8 9. c4 Ba6 10. Qe4 Nb6 11. c5 Bxf1 12. cxb6 Rxb6 13. Kxf1 Rxb2 14. Qd4
Rb7 15. Nc3 Qe6 16. Ne4 Rb5 17. Re1 Qxa2 18. Nc3 Rb4 19. Qd3 Qa5 20. Ne2 Qb5
21. Qxb5 Rxb5 22. Nc3 Rb2 23. Ne4 Ra2 24. Rd1 Ra4 25. Re1 a5 26. Kg1 h5 27. Nc3
Rd4 28. Be3 Rc4 29. Nb1 Rc2 30. Bd2 a4 31. Rc1 Rb2 32. Bc3 Rb5 33. Ba1 a3 34.
Re1 Rb6 35. Nc3 Rh6 36. Na4 Rb3 37. Rd1 c5 38. Nc3 Rhb6 39. g3 c4 40. Nd5 Rc6
41. Kg2 a2 42. Rd2 Ra3 43. Rhd1 Ra5 44. Kg1 h4 45. gxh4 Rg6+ 46. Kf1 Rc6 47.
Rc2 Ra8 48. Rd4 Ra5 49. Ne3 Bc5 50. Rdxc4 Bxe3 51. Rxc6 dxc6 52. fxe3 g6 53.
Rxc6 Rb5 54. Rc1 Rb1 55. Re1 c5 56. e4 Ke7 57. Kf2 c4 58. Rf1 Kd7 59. Kg2 Rxf1
60. Kxf1 Kc6 61. Ke1 Kc5 62. Kd2 Kb4 63. Bc3+ Kb3 64. Bd4 Kb4 65. Kc2 Ka4 66.
Bc3 Ka3 67. Ba1 Kb4 68. Kb2 Ka4 69. Kxa2 Kb4 70. Kb2 Kb5 71. Kc3 Kc5 72. Bb2
Kb5 73. Kd4 Kb4 74. Bc3+ Kb3 75. h3 Kc2 76. Kxc4 Kd1 77. Kd3 Kc1 78. Bd2+ Kb2
79. Kd4 Kb3 80. Kd3 Kb2 81. Bb4 Kb3 82. Bc3 Ka2 83. Kc4 Kb1 84. Kd3 Kc1 85. Kd4
Kc2 86. Kc4 Kd1 87. Kd5 Kc2 88. Ba1 Kb3 89. Kd6 Ka2 90. Ke7 f5 91. exf6 Kxa1
92. f7 Kb2 93. f8=Q Kc2 94. Kf6 Kd3 95. Kxg6 Kd4 96. e5 Kd5 97. Qd6+ Kc4 98. h5
Kc3 99. h6 Kc4 100. h7 Kc3 101. h8=Q Kc4 102. Qc8+ Kb3 103. Qb6+ Ka3 104. Qca6#
1-0

[Event "ICS rated blitz match"]
[Site "204.178.125.65"]
[Date "2000.02.12"]
[Round "?"]
[White "BountyHunter"]
[Black "Hossa"]
[Result "1-0"]
[WhiteElo "2799"]
[BlackElo "2332"]
[PlyCount "111"]

1. e4 e5 2. Nf3 Nc6 3. Nc3 Nf6 4. d4 exd4 5. Nxd4 Bb4 6. Nxc6 bxc6 7. Bd3 d5 8.
exd5 cxd5 9. O-O O-O 10. Bg5 c6 11. Qf3 Be7 12. h3 Rb8 13. b3 h6 14. Bf4 Bd6
15. Rfe1 Be6 16. Ne2 Re8 17. Nd4 Bxf4 18. Nxe6 Bh2+ 19. Kxh2 Rxe6 20. Rxe6 fxe6
21. Qg3 Nd7 22. Qd6 Nf8 23. Qxc6 Rc8 24. Qa6 Qc7+ 25. Kg1 Qc3 26. Rd1 Rc7 27.
Kf1 Rf7 28. Qd6 Qf6 29. Qg3 Qb2 30. a4 e5 31. Be2 Qxc2 32. Rxd5 e4 33. Bc4 Kh7
34. Qe3 Rd7 35. Ke1 Qb1+ 36. Ke2 Re7 37. Rd1 Qb2+ 38. Kf1 Kh8 39. Kg1 Qf6 40.
Rd8 g5 41. Ra8 Qa1+ 42. Kh2 Qe5+ 43. g3 Qg7 44. b4 Rc7 45. Qxe4 Qf6 46. Kg1 Re7
47. Qd5 Rg7 48. b5 Kh7 49. Rxa7 Kh8 50. b6 Rg6 51. b7 Nd7 52. Qxd7 Rg8 53. b8=Q
Qa1+ 54. Kh2 Qg1+ 55. Kxg1 Rxb8 56. Qg7# 1-0

[Event "ICS Rated blitz match"]
[Site "204.178.125.65"]
[Date "2000.02.12"]
[Round "?"]
[White "QueenMaxima"]
[Black "Hossa"]
[Result "0-1"]
[WhiteElo "2389"]
[BlackElo "2319"]
[PlyCount "182"]

1. d4 d5 2. Nf3 Nf6 3. c4 dxc4 4. e4 Nxe4 5. Bxc4 Nd6 6. Bd3 Bg4 7. O-O g6 8.
h3 Bf5 9. Bxf5 gxf5 10. Qe2 Bg7 11. Re1 Nc6 12. d5 Nd4 13. Nxd4 Bxd4 14. Qd2
Bf6 15. Qd3 Qd7 16. Nc3 O-O-O 17. Bf4 Kb8 18. Qe3 Rdg8 19. Qc5 Rg6 20. Rac1
Rhg8 21. g3 Bg5 22. Bxg5 Rxg5 23. Ne2 Ne4 24. Qc4 Rh5 25. Nf4 Rh4 26. Kh2 Qd6
27. Rxe4 fxe4 28. Qxe4 Rh6 29. Re1 Re8 30. Qf5 e5 31. Qxf7 Qe7 32. Qxe7 Rxe7
33. Nd3 e4 34. Nc5 Rb6 35. b3 Rb4 36. Kg2 Rd4 37. Ne6 Rxd5 38. Rxe4 Rd2 39. a4
a5 40. Kf1 Rd6 41. Ng5 Rxe4 42. Nxe4 Rd3 43. Nc5 Rc3 44. Nd7+ Ka7 45. Nf6 Rxb3
46. Nxh7 Ra3 47. Nf6 Rxa4 48. Kg2 Rc4 49. g4 a4 50. g5 a3 51. g6 Rc5 52. Ne4
Rc6 53. Nc3 Rxc3 54. g7 a2 55. g8=Q a1=Q 56. Qd5 Rc1 57. Kh2 c6 58. Qf3 b5 59.
Qe3+ Kb7 60. Qe7+ Ka6 61. Qe4 Qg7 62. Qg4 Qf8 63. Qg3 Rf1 64. Kg2 Rxf2+ 65.
Qxf2 Qxf2+ 66. Kxf2 b4 67. Ke3 Kb5 68. h4 Ka4 69. h5 b3 70. Kd2 Ka3 71. h6 b2
72. h7 b1=Q 73. h8=Q Qb2+ 74. Qxb2+ Kxb2 75. Kd3 Kb3 76. Kd4 Kb4 77. Kd3 c5 78.
Kc2 Kc4 79. Kd2 Kb3 80. Kd3 c4+ 81. Kd4 c3 82. Ke5 c2 83. Kf6 c1=Q 84. Kf5 Kc3
85. Kg4 Kd4 86. Kf5 Kd5 87. Kf6 Qf4+ 88. Kg6 Ke6 89. Kh5 Qg3 90. Kh6 Kf6 91.
Kh7 Qg7# 0-1

[Event "ICS rated blitz match"]
[Site "204.178.125.65"]
[Date "2000.02.12"]
[Round "?"]
[White "Hossa"]
[Black "QueenMaxima"]
[Result "1-0"]
[WhiteElo "2338"]
[BlackElo "2370"]
[PlyCount "125"]

1. e4 g6 2. d4 Bg7 3. Nc3 Nh6 4. Nf3 O-O 5. Bc4 c6 6. a4 Na6 7. Bg5 Nb4 8. Qd2
Ng4 9. Ne2 a5 10. e5 h6 11. Bh4 d5 12. exd6 Qxd6 13. Bg3 Qd8 14. c3 Nd5 15. Bd3
Qb6 16. O-O Rd8 17. Rfe1 c5 18. Rad1 Bd7 19. Bc4 Bf5 20. dxc5 Qxc5 21. Bxd5 e6
22. c4 exd5 23. cxd5 Rac8 24. h3 Nf6 25. Nc3 Be6 26. d6 Bb3 27. Re5 Qc4 28.
Rde1 Rc5 29. Re7 Qb4 30. Qe3 Nd5 31. Re8+ Rxe8 32. Qxe8+ Kh7 33. d7 Nf6 34. Bd6
Nxe8 35. dxe8=Q Bxc3 36. bxc3 Qxc3 37. Bxc5 Qxc5 38. Nd2 Be6 39. Nf1 Qd4 40.
Rb1 Bd5 41. Ne3 Kg7 42. Nxd5 Qxd5 43. Rb6 Qd1+ 44. Kh2 Qd4 45. Rb1 Qd6+ 46. g3
Qd4 47. Kg1 Qd5 48. Qe3 Qd7 49. Qe5+ Kg8 50. Qxa5 Qxh3 51. Rxb7 Qc8 52. Qc7
Qxc7 53. Rxc7 Kf8 54. a5 h5 55. a6 Kg7 56. a7 h4 57. gxh4 Kf6 58. a8=Q Ke6 59.
Qe8+ Kd5 60. Rd7+ Kc5 61. Qc8+ Kb6 62. Rb7+ Ka6 63. Qa8# 1-0

[Event "ICS rated blitz match"]
[Site "204.178.125.65"]
[Date "2000.02.12"]
[Round "?"]
[White "Zippy"]
[Black "Hossa"]
[Result "0-1"]
[WhiteElo "2277"]
[BlackElo "2355"]
[PlyCount "136"]

1. e4 e5 2. Nf3 Nc6 3. Bb5 Nf6 4. O-O Bc5 5. c3 O-O 6. d4 Bb6 7. Bg5 exd4 8.
cxd4 h6 9. Bxf6 Qxf6 10. e5 Qf4 11. Bxc6 dxc6 12. Qd2 Qxd2 13. Nbxd2 Rd8 14.
Rfd1 Rd5 15. Nc4 Bg4 16. h3 Bxf3 17. Nxb6 cxb6 18. gxf3 Rad8 19. Kf1 c5 20.
Rac1 cxd4 21. f4 Ra5 22. a3 Rc5 23. Ke2 Rdc8 24. Rb1 Rc2+ 25. Kf3 Rd8 26. Rd3
g6 27. b4 Kg7 28. Rbd1 a5 29. Rxd4 Rc3+ 30. Ke4 Rxd4+ 31. Rxd4 Rxa3 32. bxa5
bxa5 33. Rd7 Kf8 34. Rxb7 Rxh3 35. f3 Rh1 36. Ra7 Ra1 37. f5 Ra4+ 38. Ke3 gxf5
39. Ra6 h5 40. Rh6 h4 41. Rh7 Rb4 42. f4 h3 43. Rh8+ Kg7 44. Rh5 Kg6 45. Rg5+
Kh6 46. Rg1 a4 47. Rg8 a3 48. Ra8 Ra4 49. Rxa4 h2 50. e6 h1=Q 51. exf7 Kg7 52.
Ra6 Qe4+ 53. Kf2 Qxf4+ 54. Kg2 Qd2+ 55. Kg1 Qe1+ 56. Kg2 Qe2+ 57. Kg1 Qxa6 58.
f8=N Qf1+ 59. Kxf1 Kxf8 60. Ke2 a2 61. Ke3 a1=Q 62. Kf3 Qe1 63. Kf4 Kg7 64. Kf3
Kf6 65. Kg2 Qe2+ 66. Kg3 Kg5 67. Kh3 Kf4 68. Kh4 Qh2# 0-1

[Event "ICS rated blitz match"]
[Site "204.178.125.65"]
[Date "2000.02.12"]
[Round "?"]
[White "Hossa"]
[Black "master-tal"]
[Result "0-1"]
[WhiteElo "2366"]
[BlackElo "2679"]
[PlyCount "112"]

1. e4 c5 2. Nf3 e6 3. d4 cxd4 4. Nxd4 Nf6 5. Nc3 d6 6. Be2 Be7 7. O-O a6 8. Be3
O-O 9. Qd2 Nc6 10. Rad1 Qc7 11. Bg5 Ne5 12. f4 Ng6 13. f5 Ne5 14. Qf4 Bd7 15.
Rf2 Qb6 16. Nb3 h6 17. Bh4 a5 18. a4 Kh8 19. Rdf1 Rfc8 20. fxe6 Bxe6 21. Bxf6
Bxf6 22. h4 Ng6 23. Qf3 Bxh4 24. g3 Ne5 25. Qg2 Bg5 26. Qh2 Be3 27. Kg2 Bxf2
28. Rxf2 Bxb3 29. cxb3 Qxb3 30. Bd1 Qb4 31. Qh5 Nd3 32. Re2 Nxb2 33. Nd5 Qd4
34. Bb3 Nd3 35. Qxf7 Nc1 36. Re3 Nxb3 37. Rxb3 Rf8 38. Qxb7 Qxe4+ 39. Kh3 Qh1+
40. Kg4 h5+ 41. Kg5 Qh3 42. Nf6 Rac8 43. Qxg7+ Kxg7 44. Rb7+ Rf7 45. Nxh5+ Kf8
46. Rb5 d5 47. Rxd5 Rc3 48. Rd8+ Ke7 49. Re8+ Kd7 50. Nf6+ Rxf6 51. Rd8+ Ke7
52. Re8+ Kf7 53. Rf8+ Kxf8 54. Kxf6 Rc5 55. Kg6 Qe6+ 56. Kh7 Rh5# 0-1

[Event "ICS rated bullet match"]
[Site "204.178.125.65"]
[Date "2000.02.12"]
[Round "?"]
[White "Hossa"]
[Black "YucLam"]
[Result "1-0"]
[WhiteElo "2466"]
[BlackElo "2165"]
[PlyCount "65"]

1. e4 e6 2. d4 Ne7 3. Nf3 d6 4. Bd3 g6 5. Be3 Bg7 6. Nbd2 Kf8 7. O-O Kg8 8. c3
Kf8 9. Qe2 Ke8 10. Rad1 Kf8 11. Bf4 Ke8 12. Qe3 Kf8 13. Nb3 Ng8 14. Rfe1 Ke8
15. Bg5 Qd7 16. Qd2 h6 17. Bh4 Ne7 18. e5 d5 19. Bf6 Rg8 20. Bxg7 Rxg7 21. Qxh6
Nf5 22. Qh8+ Ke7 23. Bxf5 exf5 24. Qxg7 Qe6 25. Nc5 Qc6 26. e6 Bxe6 27. Nxe6
Nd7 28. Nxc7+ Kd8 29. Nxa8 b5 30. Qg8+ Nf8 31. Qxf8+ Kd7 32. Qe8+ Kd6 33. Qe7#
1-0

[Event "ICS rated blitz match"]
[Site "204.178.125.65"]
[Date "2000.02.12"]
[Round "?"]
[White "QueenMaxima"]
[Black "Hossa"]
[Result "1/2-1/2"]
[WhiteElo "2365"]
[BlackElo "2361"]
[PlyCount "104"]
[EventDate "2000.??.??"]

1. Nf3 d5 2. b3 c5 3. Bb2 f6 4. e3 e5 5. Bb5+ Nc6 6. Nh4 Be6 7. O-O g5 8. Nf3
g4 9. Ne1 Qb6 10. Be2 h5 11. f4 gxf3 12. Bxf3 O-O-O 13. Bxh5 Qc7 14. Bg4 Bxg4
15. Qxg4+ Kb8 16. Na3 Qh7 17. h3 b6 18. Nf3 Nge7 19. Qe6 Bg7 20. Rae1 Qh5 21.
Nb5 Rh6 22. Nd6 Rg6 23. Nf7 f5 24. Nxd8 Rxe6 25. Nxe6 Bh8 26. c4 dxc4 27. bxc4
Qh6 28. Nfg5 Nb4 29. g3 Bf6 30. h4 Nd3 31. Rb1 Kc8 32. Bc3 Kb8 33. e4 fxe4 34.
Kg2 Nc6 35. Nxe4 Be7 36. N6g5 Qh5 37. Rf3 Bxg5 38. Nxg5 Qg4 39. Rf8+ Kc7 40.
Rbf1 Nf4+ 41. R1xf4 exf4 42. Rf7+ Kc8 43. Rxf4 Qe2+ 44. Kg1 Nd8 45. Nf7 Nxf7
46. Rxf7 Qe1+ 47. Kg2 Qe2+ 48. Kh1 Qe1+ 49. Kh2 Qe2+ 50. Kh1 Qe1+ 51. Kh2 Qe2+
52. Kh1 Qe1+ 1/2-1/2

[Event "ICS rated bullet match"]
[Site "204.178.125.65"]
[Date "2000.02.12"]
[Round "?"]
[White "Mofongo"]
[Black "Hossa"]
[Result "1-0"]
[WhiteElo "2589"]
[BlackElo "2471"]
[PlyCount "125"]

1. e4 e5 2. Nf3 Nc6 3. Bb5 Nf6 4. O-O Bc5 5. c3 O-O 6. d4 Bb6 7. Bg5 h6 8. Bh4
exd4 9. e5 g5 10. Nxg5 dxc3 11. Nxc3 hxg5 12. exf6 Qxf6 13. Qg4 d6 14. Nd5 Bxg4
15. Nxf6+ Kh8 16. Bxg5 Nd4 17. Nxg4 Nxb5 18. Nf6 Kg7 19. Rfe1 Bd4 20. Nd7 Rh8
21. a4 Kg6 22. h4 Nc3 23. bxc3 Bxc3 24. Rad1 Bxe1 25. Rxe1 Rae8 26. Re3 Rxe3
27. fxe3 Re8 28. Kf2 Re4 29. a5 Ra4 30. Bd8 Ra2+ 31. Kf3 c6 32. Nf6 Kh6 33. g3
Rc2 34. Ne4 b6 35. Nxd6 Rd2 36. axb6 axb6 37. Nf5+ Kh7 38. Bxb6 c5 39. g4 c4
40. Bd4 Rd1 41. h5 Rg1 42. Nd6 Rf1+ 43. Kg2 Re1 44. Nxc4 Kh6 45. Ne5 f6 46.
Nf7+ Kg7 47. Nd6 Kf8 48. Ne4 Re2+ 49. Kg3 Re1 50. Nxf6 Kf7 51. h6 Rf1 52. h7
Kg7 53. g5 Rg1+ 54. Kh2 Re1 55. g6 Rd1 56. Ne4+ Rxd4 57. exd4 Kh8 58. Nd6 Kg7
59. Kg3 Kxg6 60. h8=Q Kg5 61. Qg7+ Kh5 62. Qh7+ Kg5 63. Ne4# 1-0

[Event "ICS rated blitz match"]
[Site "204.178.125.65"]
[Date "2000.02.12"]
[Round "?"]
[White "Boobe"]
[Black "Hossa"]
[Result "0-1"]
[WhiteElo "2260"]
[BlackElo "2361"]
[PlyCount "21"]

1. e4 e5 2. Nf3 Nc6 3. Bb5 Nf6 4. O-O Bc5 5. c3 O-O 6. d4 Bb6 7. d5 Ne7 8. Bg5
Nxe4 9. Bh4 d6 10. Nbd2 Nxd2 11. Qxd2 0-1

[Event "ICS rated blitz match"]
[Site "204.178.125.65"]
[Date "2000.02.12"]
[Round "?"]
[White "Hossa"]
[Black "QueenMaxima"]
[Result "1/2-1/2"]
[WhiteElo "2372"]
[BlackElo "2335"]
[PlyCount "114"]

1. e4 d5 2. exd5 Qxd5 3. Nc3 Qa5 4. d4 Nf6 5. Nf3 c6 6. Bc4 Bf5 7. O-O e6 8.
Bd2 Qc7 9. Nh4 Bd6 10. Nxf5 exf5 11. Qe1+ Kf8 12. Bg5 Bxh2+ 13. Kh1 Bd6 14.
Bxf6 gxf6 15. Qe2 b5 16. Bd3 b4 17. Nb1 Qb6 18. c3 bxc3 19. bxc3 f4 20. Kg1 h5
21. Re1 Kg7 22. Be4 Qa5 23. Qb2 Qa6 24. Bf3 Nd7 25. Nd2 h4 26. Bg4 Rab8 27. Qc2
Nf8 28. Ne4 Qa3 29. Rab1 Ne6 30. Rxb8 Bxb8 31. Nd2 Qe7 32. Qf5 Qb7 33. Ne4 Rh6
34. a4 Qb3 35. Bd1 Qd5 36. Qg4+ Rg6 37. Qh3 f5 38. Nd2 Qa5 39. Nc4 Ng5 40. Qxh4
Qxc3 41. Re8 Nh3+ 42. Kh2 Rh6 43. Rg8+ Kxg8 44. Qxh6 Qxd4 45. Kxh3 Qxd1 46.
Qg5+ Kf8 47. Kh2 Qd4 48. Kh3 Qd3+ 49. f3 Qxc4 50. Qd8+ Kg7 51. Qg5+ Kh7 52.
Qh5+ Kg7 53. Qg5+ Kh8 54. Qh5+ Kg8 55. Qg5+ Kh8 56. Qh5+ Kg8 57. Qg5+ Kh8
1/2-1/2

[Event "ICS rated blitz match"]
[Site "204.178.125.65"]
[Date "2000.02.12"]
[Round "?"]
[White "QueenMaxima"]
[Black "Hossa"]
[Result "0-1"]
[WhiteElo "2337"]
[BlackElo "2370"]
[PlyCount "56"]

1. e4 e5 2. Nf3 Nc6 3. Bc4 Nf6 4. Nc3 Nxe4 5. Bd5 Nxc3 6. dxc3 Be7 7. Bxc6 bxc6
8. Nxe5 Bf6 9. Ng4 Ba6 10. Be3 Rb8 11. Nxf6+ Qxf6 12. Qd2 O-O 13. O-O-O d6 14.
Bxa7 Rb7 15. Be3 Qe5 16. Kb1 Qa5 17. Qd4 c5 18. Qd5 Rbb8 19. Ka1 Bb7 20. Qg5
Be4 21. a3 Rxb2 22. Qxc5 dxc5 23. Kxb2 Rb8+ 24. Ka2 Qxc3 25. Rd8+ Rxd8 26. a4
Qxc2+ 27. Ka1 Rb8 28. a5 Qa4# 0-1

[Event "ICS rated standard match"]
[Site "204.178.125.65"]
[Date "2000.02.12"]
[Round "?"]
[White "Hossa"]
[Black "germanicus"]
[Result "0-1"]
[WhiteElo "2292"]
[BlackElo "2434"]
[PlyCount "134"]

1. e4 e6 2. d4 d5 3. Nc3 dxe4 4. Nxe4 Nd7 5. Nf3 Ngf6 6. Nxf6+ Nxf6 7. Bd3 c5
8. dxc5 Bxc5 9. Qe2 Bd7 10. O-O O-O 11. Bg5 h6 12. Bxf6 Qxf6 13. Qe4 Rfd8 14.
b4 Bd6 15. Qxb7 Rab8 16. Qxa7 Bc6 17. Nd4 Bxg2 18. Kxg2 Qg5+ 19. Kf3 Ra8 20.
Qb7 Qf4+ 21. Ke2 Qxd4 22. a3 Bxh2 23. Rfd1 Qg4+ 24. Qf3 Qxf3+ 25. Kxf3 Be5 26.
Ra2 Bc3 27. b5 Kf8 28. Rb1 Ke7 29. Rb3 Bd4 30. a4 Bb6 31. Be4 Ra5 32. c4 Rd4
33. Rc3 Kd6 34. Bb1 Kc5 35. Bd3 h5 36. Ke2 h4 37. Rc1 h3 38. Rh1 Rh4 39. Kf3 g5
40. Be2 Bc7 41. Ke3 f5 42. Rg1 Bf4+ 43. Kd3 e5 44. Kc2 h2 45. Rh1 e4 46. Kb1 g4
47. Ra3 Kb4 48. Ka2 Be5 49. Rb3+ Kc5 50. Ka3 Rh8 51. Rbb1 Bd4 52. b6 Bxf2 53.
b7 g3 54. Rhd1 g2 55. Rd5+ Kc6 56. Rxa5 g1=Q 57. Rab5 h1=Q 58. Rxg1 Qxg1 59.
Ka2 Bd4 60. Rb1 Qh2 61. b8=Q Rxb8 62. Rb5 Qxe2+ 63. Ka3 Rxb5 64. axb5+ Kc5 65.
b6 Qxc4 66. b7 Qc3+ 67. Ka4 Qb4# 0-1